Tilastot visalle Väkirikkaimmat maat vuonna 1800

Klikkaa tästä pelataksesi tätä visaa!

Yleistilastot

  • Tätä visaa on pelattu 94 kertaa
  • Keskiarvotulos 9 / 15

Vastaustilastot

VäkimääräSuuri maa vuonna 1800% Oikein
114 500 000Brittiläinen imperiumi
94%
38 378 000Ranskan tasavalta
94%
35 500 000Venäjä
94%
328 000 000Qing-Dynastia
91%
24 710 115Espanjan kuningaskunta
88%
75 000 000Suurmogulien valtakunta
80%
9 270 000Portugalin valtakunta
76%
25 689 000Tokugawa shogunaatti
73%
24 779 000Osmanien valtakunta
63%
23 145 000Habsburgmonarkia / Itävalta - Unkari
49%
9 500 000Joseon
32%
10 500 000Preussi
30%
24 000 000Pyhä saksalais-roomalainen keisarikunta
18%
6 500 000Annam
12%
6 700 000Molempain Sisiliain kuningaskunta
10%

Tulosjakauma

Persentiili vastausten määrän mukaan

Jokaisen tuloksen saaneiden osuus

Tuloshistoriasi

Et ole pelannut tätä visaa